James Madison Football: Top 10 All-Time Leaders - Statistics

General Stats
  • This quiz has been taken 3 times
  • The average score is 25 of 61
Answer Stats
Category # Player Amount % Correct
Passing Yards 5 Benn DiNucci 5,716
100%
Rushing Yards 7 Cardon Johnson 2,745
100%
Passing Yards 2 Cole Johnson 6,511
100%
Passing Yards 10 Alonza Barnett 4,413
67%
Receiving Yards 10 Antwane Wells Jr. 1,853
67%
Receiving Yards 5 Brandon Ravenel 2,250
67%
Tackles 9 Eupton Jackson 362
67%
Interceptions 1 Jimmy Moreland 18
67%
Interceptions T3 Jordan Brown 13
67%
Sacks 7 Larry Smith 25.0
67%
Passing Yards 6 Vad Lee 5,652
67%
Receiving Yards 8 Alan Harrison 1,907
33%
Rushing Yards 8 Alvin Banks 2,694
33%
Sacks 5 Andrew Ankrah 26.0
33%
Sacks 2 Arthur Moats 29.0
33%
Sacks T10 Bob Dunn 21.0
33%
Interceptions T3 Bob Logan 13
33%
Passing Yards 1 Bryan Schor 7,078
33%
Tackles 1 Charles Haley 506
33%
Sacks 1 Chris Morant 33.0
33%
Interceptions T3 Clint Kent 13
33%
Tackles 2 Clyde Hoy 503
33%
Rushing Yards 6 Curtis Keaton 2,783
33%
Rushing Yards 5 Dae'Quan Scott 3,332
33%
Tackles 3 Dale Caparaso 487
33%
Receiving Yards 1 David McLeod 2,899
33%
Interceptions 7 Dean Marlowe 12
33%
Tackles 6 Dean McCullough 427
33%
Tackles 8 Derick Pack 399
33%
Receiving Yards 3 Earnest Payton 2,807
33%
Passing Yards 7 Eriq Williams 5,356
33%
Tackles 10 Gage Steele 354
33%
Receiving Yards 2 Gary Clark 2,863
33%
Passing Yards 8 Greg Maddox 4,863
33%
Receiving Yards 9 Jay Jones 1,862
33%
Sacks 4 John Daka 27.5
33%
Interceptions T8 John Stein 11
33%
Passing Yards 4 Justin Rascati 5,912
33%
Rushing Yards 9 Kenny Sims 2,665
33%
Sacks 8 Kevin Winston 24.5
33%
Rushing Yards 2 Khalid Abdullah 3,678
33%
Receiving Yards 4 Kris Thornton 2,540
33%
Receiving Yards 7 Macey Brooks 2,104
33%
Sacks T10 Mark Baird 21.0
33%
Passing Yards 9 Matt LeZotte 4,504
33%
Rushing Yards 10 Maurice Fenner 2,534
33%
Passing Yards 3 Mike Cawley 6,482
33%
Interceptions T8 Mike Thurman 11
33%
Rushing Yards 3 Percy Agyei-Obese 3,503
33%
Interceptions T3 Rashad Robinson 13
33%
Interceptions 2 Raven Greene 14
33%
Receiving Yards 6 Riley Stapleton 2,113
33%
Rushing Yards 4 Rodney Landers 3,477
33%
Sacks 9 Ron'Dell Carter 23.5
33%
Sacks 6 Sage Harold 25.5
33%
Tackles 4 Stephon Robertson 445
33%
Interceptions T8 Taylor Reynolds 11
33%
Tackles 7 Tony LeZotte 416
33%
Rushing Yards 1 Warren Marshall 4,168
33%
Tackles 5 Woody Bergeria 438
33%
Sacks 3 Woody Bergeria 28.0
33%
No matching quizzes found
Score Distribution
Percent of People with Each Score
Percentile by Number Answered
Your Score History
You have not taken this quiz